Libros de la Biblia - ¡Muerte súbita! - Estadísticas

Estadísticas generales
  • Esta prueba ha sido intentada 4.222 veces
    4.137 desde el último reinicio
  • La puntuación promedio es 6 de 18
Answers on the Grid
Answers color-coded by a green-red scale on the quiz's grid according to % correct below.
Génesis
Libro de Ana
Hechos de los Apóstoles
Evangelio de Pedro
Evangelio de Bernabé
Cantar de los cantares
Jeremías
Ageo
Números
Salmos
Eclesiástico
Trinidad
Libro de Ester
Eclesiastés
Amós
Tobías
Ezequiel
Libro de Tarsis
Evangelio de Santiago
Lamentaciones
Libro de Salomón
Evangelio de Marcos
Evangelio de Natanael
Evangelio de Zacarías
Libro de Jerusalén
Evangelio de San Juan
Evangelio de Pablo
Libro de Moisés
Deuteronomio
Macabeos
 
Estadísticas de respuestas
Respuesta % Correcto
Génesis
65%
Salmos
56%
Deuteronomio
48%
Evangelio de San Juan
47%
Evangelio de Marcos
44%
Jeremías
43%
Números
43%
Hechos de los Apóstoles
40%
Ezequiel
38%
Macabeos
33%
Eclesiastés
32%
Lamentaciones
29%
Cantar de los cantares
25%
Eclesiástico
24%
Libro de Ester
21%
Tobías
21%
Amós
19%
Ageo
11%
No se encontraron pruebas coincidentes
Distribución de puntuación
Porcentaje de gente con cada puntuación
Porcentaje por número respondido
Historial de tus puntuaciones
No has intentado esta prueba desde el último reinicio